Turecko a Európska únia bakalárska práca

Guardado en:
Detalles Bibliográficos
Autor principal: Poláčková, Zuzana
Autor Corporativo: Fakulta medzinárodných vzťahov EU. Katedra medzinárodných ekonomických vzťahov a hospodárskej diplomacie
Otros Autores: Dolná, Ľudmila, 1976-
Formato: Libro
Lenguaje:eslovaco
Publicado: Bratislava 2017
Etiquetas: Agregar Etiqueta
Sin Etiquetas, Sea el primero en etiquetar este registro!

MARC

LEADER 00000nbm a2200000 4500
001 0235374
005 20180221152424.0
041 0 |a slo 
044 |a SK 
245 1 0 |a Turecko a Európska únia  |b bakalárska práca  |c Zuzana Poláčková ; školiteľ: Ľudmila Dolná 
264 1 |a Bratislava  |c 2017 
300 |a 50 s. 
100 1 |a Poláčková, Zuzana 
700 1 |a Dolná, Ľudmila, 1976- 
710 2 |a Fakulta medzinárodných vzťahov EU. Katedra medzinárodných ekonomických vzťahov a hospodárskej diplomacie